Sports Quiz

Random Sports or WWE Quiz
Score 0/280 Timer 20:00
0 Plays Today
Pay Per View % Correct
Royal Rumble 2000 (Winner)Rock
99.2%
No Way Out 2000Triple H
99.2%
Wrestlemania 2000Triple H
99.2%
Wrestlemania 2000Rock
99.2%
Backlash 2000Rock
99.2%
Backlash 2000Triple H
99.2%
Judgment Day 2000Triple H
99.2%
Judgment Day 2000Rock
99.2%
King of the Ring 2000Rock
99.2%
King of the Ring 2000Triple H
99.2%
Fully Loaded 2000Rock
99.2%
Summerslam 2000Rock
99.2%
Summerslam 2000Triple H
99.2%
Unforgiven 2000Rock
99.2%
No Mercy 2000Rock
99.2%
Survivor Series 2000Triple H
99.2%
Armageddon 2000Rock
99.2%
Armageddon 2000Triple H
99.2%
No Way Out 2001Rock
99.2%
Wrestlemania X-SevenRock
99.2%
Backlash 2001Triple H
99.2%
Summerslam 2001Rock
99.2%
Survivor Series 2001 (WWF)Rock
99.2%
Royal Rumble 2002 (Winner)Triple H
99.2%
Wrestlemania X8Triple H
99.2%
Backlash 2002Triple H
99.2%
King of the Ring 2002Triple H
99.2%
Vengeance 2002Rock
99.2%
Summerslam 2002Rock
99.2%
Survivor Series 2002Triple H
99.2%
Armageddon 2002Triple H
99.2%
No Way Out 2003Rock
99.2%
Backlash 2003Rock
99.2%
Judgment Day 2003Rock
99.2%
Bad Blood 2003Triple H
99.2%
Summerslam 2003Triple H
99.2%
Unforgiven 2003Triple H
99.2%
Survivor Series 2003Triple H
99.2%
Armageddon 2003Triple H
99.2%
Backlash 2004Triple H
99.2%
Bad Blood 2004Triple H
99.2%
Vengeance 2004Triple H
99.2%
Unforgiven 2004Triple H
99.2%
Survivor Series 2004 (Team Triple H)Triple H
99.2%
New Years Revolution 2005Triple H
99.2%
Wrestlemania 21Triple H
99.2%
Backlash 2005Triple H
99.2%
Vengeance 2005Triple H
99.2%
Wrestlemania 22Triple H
99.2%
Backlash 2006Triple H
99.2%
Vengeance 2006Triple H
99.2%
King of the Ring 2000Undertaker
99%
Unforgiven 2000Undertaker
99%
Armageddon 2000Undertaker
99%
Backlash 2001Undertaker
99%
Judgment Day 2001Undertaker
99%
Invasion 2001 (Team WWF)Undertaker
99%
Survivor Series 2001 (WWF)Undertaker
99%
Judgment Day 2002Undertaker
99%
King of the Ring 2002Undertaker
99%
Vengeance 2002Undertaker
99%
Unforgiven 2002Undertaker
99%
No Mercy 2002Undertaker
99%
Royal Rumble 2003 (Runner-Up)Undertaker
99%
No Mercy 2003Undertaker
99%
Great American Bash 2004Undertaker
99%
No Mercy 2004Undertaker
99%
Armageddon 2004Undertaker
99%
Armageddon 2005Undertaker
99%
No Way Out 2006Undertaker
99%
Royal Rumble 2000 (Runner-Up)Big Show
98.6%
Wrestlemania 2000Big Show
98.6%
Survivor Series 2001 (WWF)Big Show
98.6%
Judgment Day 2003Big Show
98.6%
Vengeance 2003Big Show
98.6%
Royal Rumble 2004 (Runner-Up)Big Show
98.6%
No Way Out 2005Big Show
98.6%
Survivor Series 2005 (Team Raw)Big Show
98.6%
Cyber Sunday 2006Big Show
98.6%
December to Dismember 2006Big Show
98.6%
Judgment Day 2000Shawn Michaels
98.4%
Survivor Series 2002Shawn Michaels
98.4%
Armageddon 2002Shawn Michaels
98.4%
Summerslam 2003Shawn Michaels
98.4%
Wrestlemania XXShawn Michaels
98.4%
Backlash 2004Shawn Michaels
98.4%
Bad Blood 2004Shawn Michaels
98.4%
Royal Rumble 2005 (Runner-Up)John Cena
98.4%
Judgment Day 2005John Cena
98.4%
Summerslam 2005Shawn Michaels
98.4%
Unforgiven 2005John Cena
98.4%
Taboo Tuesday 2005John Cena
98.4%
Taboo Tuesday 2005Shawn Michaels
98.4%
Survivor Series 2005 (Team Raw)Shawn Michaels
98.4%
Pay Per View % Correct
New Years Revolution 2006John Cena
98.4%
New Years Revolution 2006Shawn Michaels
98.4%
New Years Revolution 2006 John Cena
98.4%
Wrestlemania 22John Cena
98.4%
Backlash 2006John Cena
98.4%
ECW One Night Stand 2006John Cena
98.4%
Summerslam 2006John Cena
98.4%
Unforgiven 2006John Cena
98.4%
Cyber Sunday 2006John Cena
98.4%
Armageddon 2006John Cena
98.4%
King of the Ring 2000Kane
98.2%
Unforgiven 2000Kane
98.2%
Royal Rumble 2001 (Runner-Up)Kane
98.2%
Backlash 2001Kane
98.2%
Invasion 2001 (Team WWF)Kane
98.2%
Survivor Series 2001 (WWF)Kane
98.2%
Survivor Series 2002Kane
98.2%
Armageddon 2003Kane
98.2%
Survivor Series 2005 (Team Raw)Kane
98.2%
New Years Revolution 2006Kane
98.2%
Survivor Series 2000Steve Austin
98.1%
Armageddon 2000Steve Austin
98.1%
Royal Rumble 2001 (Winner)Steve Austin
98.1%
Wrestlemania X-SevenSteve Austin
98.1%
Backlash 2001Steve Austin
98.1%
Judgment Day 2001Steve Austin
98.1%
King of the Ring 2001Steve Austin
98.1%
Invasion 2001 (Team WWF)Steve Austin
98.1%
Unforgiven 2001Steve Austin
98.1%
No Mercy 2001Steve Austin
98.1%
Survivor Series 2001 (Alliance)Steve Austin
98.1%
Vengeance 2001Steve Austin
98.1%
No Way Out 2002Steve Austin
98.1%
Summerslam 2000Kurt Angle
98%
No Mercy 2000Kurt Angle
98%
Armageddon 2000Kurt Angle
98%
No Way Out 2001Kurt Angle
98%
Invasion 2001 (Team WWF)Kurt Angle
98%
Unforgiven 2001Kurt Angle
98%
No Mercy 2001Kurt Angle
98%
Survivor Series 2001 (Alliance)Kurt Angle
98%
Royal Rumble 2002 (Runner-Up)Kurt Angle
98%
Vengeance 2002Kurt Angle
98%
Wrestlemania XIXKurt Angle
98%
Vengeance 2003Kurt Angle
98%
Unforgiven 2005Kurt Angle
98%
Taboo Tuesday 2005Kurt Angle
98%
New Years Revolution 2006Kurt Angle
98%
Royal Rumble 2006Kurt Angle
98%
No Way Out 2006Kurt Angle
98%
Survivor Series 2004 (Team Triple H)Edge
97.9%
Survivor Series 2004 (Team Triple H)Batista
97.9%
New Years Revolution 2005Batista
97.9%
New Years Revolution 2005Edge
97.9%
Royal Rumble 2005 (Winner)Batista
97.9%
Wrestlemania 21Batista
97.9%
Backlash 2005Batista
97.9%
Vengeance 2005Batista
97.9%
Great American Bash 2005Batista
97.9%
No Mercy 2005Batista
97.9%
Survivor Series 2005 (Team Smackdown)Batista
97.9%
New Years Revolution 2006 Edge
97.9%
Backlash 2006Edge
97.9%
Summerslam 2006Edge
97.9%
Unforgiven 2006Edge
97.9%
No Mercy 2006Batista
97.9%
Survivor Series 2006Batista
97.9%
Armageddon 2006Batista
97.9%
King of the Ring 2001Chris Jericho
97.7%
Invasion 2001 (Team WWF)Chris Jericho
97.7%
Survivor Series 2001 (WWF)Chris Jericho
97.7%
Vengeance 2001Chris Jericho
97.7%
No Way Out 2002Chris Jericho
97.7%
Wrestlemania X8Chris Jericho
97.7%
Survivor Series 2002Chris Jericho
97.7%
Summerslam 2003Chris Jericho
97.7%
Survivor Series 2004 (Team Orton)Chris Jericho
97.7%
New Years Revolution 2005Chris Jericho
97.7%
No Way Out 2000Mick Foley
97.6%
Wrestlemania 2000Mick Foley
97.6%
Bad Blood 2003Mick Foley
97.6%
Summerslam 2003Randy Orton
97.5%
Summerslam 2004Randy Orton
97.5%
Unforgiven 2004Randy Orton
97.5%
Taboo Tuesday 2004Randy Orton
97.5%
Survivor Series 2004 (Team Orton)Randy Orton
97.5%
New Years Revolution 2005Randy Orton
97.5%
Survivor Series 2005 (Team Smackdown)Randy Orton
97.5%
Armageddon 2005Randy Orton
97.5%
Fully Loaded 2000Chris Benoit
97.2%
Unforgiven 2000Chris Benoit
97.2%
King of the Ring 2001Chris Benoit
97.2%
Royal Rumble 2004 (Winner)Chris Benoit
97.2%
Wrestlemania XXChris Benoit
97.2%
Pay Per View % Correct
Backlash 2004Chris Benoit
97.2%
Vengeance 2004Chris Benoit
97.2%
Summerslam 2004Chris Benoit
97.2%
Survivor Series 2004 (Team Orton)Chris Benoit
97.2%
New Years Revolution 2005Chris Benoit
97.2%
Summerslam 2002Brock Lesnar
96.6%
Unforgiven 2002Brock Lesnar
96.6%
No Mercy 2002Brock Lesnar
96.6%
Royal Rumble 2003 (Winner)Brock Lesnar
96.6%
Wrestlemania XIXBrock Lesnar
96.6%
Vengeance 2003Brock Lesnar
96.6%
No Mercy 2003Brock Lesnar
96.6%
No Way Out 2004Brock Lesnar
96.6%
Vengeance 2006Shawn Michaels
95.8%
King of the Ring 2000Vince McMahon
95.4%
No Way Out 2004Eddie Guerrero
95.3%
Judgment Day 2004Eddie Guerrero
95.3%
Armageddon 2004Eddie Guerrero
95.3%
No Mercy 2005Eddie Guerrero
95.3%
Backlash 2000Shane McMahon
95.2%
King of the Ring 2000Shane McMahon
95.2%
Survivor Series 2001 (Alliance)Shane McMahon
95.2%
Great American Bash 2006King Booker
94.4%
No Mercy 2006King Booker
94.4%
Cyber Sunday 2006King Booker
94.4%
Survivor Series 2006King Booker
94.4%
No Mercy 2001Rob Van Dam
94.3%
Survivor Series 2001 (Alliance)Rob Van Dam
94.3%
Survivor Series 2002Rob Van Dam
94.3%
ECW One Night Stand 2006Rob Van Dam
94.3%
December to Dismember 2006Rob Van Dam
94.3%
Judgment Day 2004JBL
94.2%
No Mercy 2004JBL
94.2%
Armageddon 2004JBL
94.2%
No Way Out 2005JBL
94.2%
Judgment Day 2005JBL
94.2%
Great American Bash 2005JBL
94.2%
Survivor Series 2005 (Team Smackdown)JBL
94.2%
Judgment Day 2006JBL
94.2%
Armageddon 2006King Booker
93.7%
Survivor Series 2005 (Team Smackdown)Rey Mysterio
92.4%
Judgment Day 2006Rey Mysterio
92.4%
Great American Bash 2006Rey Mysterio
92.4%
Invasion 2001 (Team Alliance)Bubba Ray Dudley
92%
Great American Bash 2004Bubba Ray Dudley
92%
ECW One Night Stand 2005Bubba Ray Dudley
92%
Invasion 2001 (Team Alliance)Devon Dudley
91.8%
Backlash 2002Hulk Hogan
91.8%
Judgment Day 2002Hulk Hogan
91.8%
No Way Out 2003Hulk Hogan
91.8%
Wrestlemania XXTriple H\
91.8%
Great American Bash 2004Devon Dudley
91.8%
ECW One Night Stand 2005Devon Dudley
91.8%
Summerslam 2005Hulk Hogan
91.8%
Backlash 2003Goldberg
91.7%
Summerslam 2003Goldberg
91.7%
Unforgiven 2003Goldberg
91.7%
Survivor Series 2003Goldberg
91.7%
Armageddon 2003Goldberg
91.7%
Taboo Tuesday 2004Ric Flair
90.5%
Bad Blood 2003Kevin Nash
86.9%
Summerslam 2003Kevin Nash
86.9%
Invasion 2001 (Team Alliance)Booker T
86.1%
Summerslam 2001Booker T
86.1%
Survivor Series 2001 (Alliance)Booker T
86.1%
Survivor Series 2002Booker T
86.1%
Armageddon 2004Booker T
86%
Survivor Series 2005 (Team Smackdown)Bobby Lashley
85.5%
No Mercy 2006Bobby Lashley
85.5%
December to Dismember 2006Bobby Lashley
85.5%
Armageddon 2000Rikishi
85.1%
December to Dismember 2006CM Punk
82.6%
ECW One Night Stand 2005Tommy Dreamer
82.3%
ECW One Night Stand 2005Sandman
78.6%
Royal Rumble 2006Mark Henry
78.1%
December to Dismember 2006Test
77.5%
Invasion 2001 (Team Alliance)Diamond Dallas Page
76.9%
Survivor Series 2005 (Team Raw)Carlito
76.5%
New Years Revolution 2006Carlito
76.5%
Survivor Series 2005 (Team Raw)Chris Masters
74.5%
New Years Revolution 2006Chris Masters
74.5%
Invasion 2001 (Team Alliance)Rhyno
74.1%
Vengeance 2006Kenny
74%
No Mercy 2006Finlay
72.9%
Armageddon 2006Finlay
72.9%
December to Dismember 2006Hardcore Holly
72.8%
Vengeance 2006Nicky
70.3%
Vengeance 2006Mikey
70.3%
Vengeance 2006Mitch
67.8%
Vengeance 2006Johnny
67.3%
Survivor Series 2004 (Team Orton)Maven
63.5%
Survivor Series 2004 (Team Triple H)Snitsky
59.2%
Remove Ads.
Support Sporcle.
Get the best of Sporcle when you Go Orange. This ad-free experience offers more features, more stats, and more fun while also helping to support Sporcle. Thank you for becoming a member.

You're not logged in!

Compare scores with friends on all Sporcle quizzes.
OR
Log In

Show Comments

Extras

Created Aug 5, 2012ReportNominate
Tags:WWE Quiz, Event, Matching, Pay, PPV, Venter, View

Top Quizzes Today


Score Distribution

Your Account Isn't Verified!

In order to create a playlist on Sporcle, you need to verify the email address you used during registration. Go to your Sporcle Settings to finish the process.

Report this User

Report this user for behavior that violates our Community Guidelines.

Details: